Calciatori più preziosi per squadra - Serie A - Statistics

Statistiche generali
  • Questo quiz è stato fatto 177 volte
  • Il punteggio medio è 9 su 21
Statistiche sulle risposte
Squadra Valutazione (mln €) Calciatore % Corretto
Inter 95,00 Lautaro Martínez
86%
Fiorentina 40,00 Moise Kean
86%
Atalanta 60,00 Ademola Lookman
84%
Milan 75,00 Rafael Leão
84%
Como 35,00 Nico Paz
83%
Bologna 35,00 Santiago Castro
59%
Juventus 50,00 Bremer
50%
Empoli 10,00 Sebastiano Esposito
45%
Lecce 14,00 Nikola Krstović
39%
Udinese 22,00 Lorenzo Lucca
34%
Napoli 45,00 Alessandro Buongiorno
33%
Cagliari 8,00 Roberto Piccoli
33%
Parma 20,00 Ange-Yoan Bonny
32%
Lazio 32,00 Mattéo Guendouzi
26%
Torino 30,00 Samuele Ricci
25%
Cagliari 8,00 Elia Caprile
21%
Genoa 20,00 Morten Frendrup
19%
Roma 35,00 Manu Koné
18%
Venezia 8,00 Hans Nicolussi Caviglia
15%
Monza 9,00 Matteo Pessina
14%
Verona 8,00 Jackson Tchatchoua
5%
Nessun quiz corrispondente trovato
Distribuzione punteggi
Percentuale di utenti per punteggio
Percentile per numero di risposta
I tuoi punteggi nel tempo
Non hai fatto questo quiz